University Home | Library Home | Institutional Repository

First Holloman symposium on primate immunology and molecular genetics / (Record no. 163829)

MARC details
000 -LEADER
fixed length control field 01271cam2a220032500 4500
001 - CONTROL NUMBER
control field lce00325568
008 - FIXED-LENGTH DATA ELEMENTS--GENERAL INFORMATION
fixed length control field 700427s1968 sz a b 100 0 eng
010 ## - LIBRARY OF CONGRESS CONTROL NUMBER
LC control number 77372106
015 ## - NATIONAL BIBLIOGRAPHY NUMBER
National bibliography number Sw68-A-866
020 ## - INTERNATIONAL STANDARD BOOK NUMBER
Terms of availability 16.50
035 ## - SYSTEM CONTROL NUMBER
System control number (Sirsi) r45212
035 ## - SYSTEM CONTROL NUMBER
System control number (DLC) 77372106
035 ## - SYSTEM CONTROL NUMBER
System control number (UPRA)lce00325568
040 ## - CATALOGING SOURCE
Modifying agency UPRA
050 0# - LIBRARY OF CONGRESS CALL NUMBER
Classification number QL55
Item number .P74 vol. 1
082 ## - DEWEY DECIMAL CLASSIFICATION NUMBER
Classification number 599.8
111 2# - MAIN ENTRY--MEETING NAME
Meeting name or jurisdiction name as entry element Holloman Symposium on Primate Immunology and Molecular Genetics (1st : 1966)
Number of part/section/meeting Holloman Symposium on Primate Immunology and Molecular Genetics (1st : 1966)
Date of meeting or treaty signing Holloman Symposium on Primate Immunology and Molecular Genetics (1st : 1966)
Linkage A2858.1
245 10 - TITLE STATEMENT
Title First Holloman symposium on primate immunology and molecular genetics /
Statement of responsibility, etc. [edited by] C.H. Kratochvil.
260 ## - PUBLICATION, DISTRIBUTION, ETC.
Place of publication, distribution, etc. Basel ; New York :
-- Basel ; New York :
Name of publisher, distributor, etc. Karger,
Date of publication, distribution, etc. 1968.
440 #0 - SERIES STATEMENT/ADDED ENTRY--TITLE
Title Primates in medicine ;
Volume/sequential designation v.1
Linkage S1641.1
504 ## - BIBLIOGRAPHY, ETC. NOTE
Bibliography, etc. note Includes bibliographies.
650 #0 - SUBJECT ADDED ENTRY--TOPICAL TERM
Topical term or geographic name entry element Primates.
Linkage S90.1
650 #0 - SUBJECT ADDED ENTRY--TOPICAL TERM
Topical term or geographic name entry element Immunology.
Linkage S187.1
650 #0 - SUBJECT ADDED ENTRY--TOPICAL TERM
Topical term or geographic name entry element Genetics.
Linkage S675.1
700 1# - ADDED ENTRY--PERSONAL NAME
Personal name Kratochvil, Clyde Harding, 1923-
Dates associated with a name Kratochvil, Clyde Harding, 1923-
Linkage A2859.1
710 1# - ADDED ENTRY--CORPORATE NAME
Corporate name or jurisdiction name as entry element Holloman Air Force Base (N.M.)
Linkage A2860.1
949 ## - LOCAL PROCESSING INFORMATION (OCLC)
a QL55
w lcc
m MAIN
t BOOK
l ON-SHELF
987 ## - LOCAL ROMANIZATION/CONVERSION HISTORY (OCLC)
Romanization/conversion identifier WITHDRAWN.

No items available.

© 2026 - The University of Zambia Library - Koha v25.11